| 000 | 01028nam a2200301 i 4500 | ||
|---|---|---|---|
| 001 | 000009043 | ||
| 003 | DO-SdBNP | ||
| 005 | 20250918143502.0 | ||
| 007 | ta | ||
| 008 | 090925s2004 dr 000 p spa d | ||
| 040 |
_aDO-SdBNP _bspa _cBNPHU _erda |
||
| 041 | _aspa | ||
| 082 | 4 |
_aRD861.44 _bB352c _222 |
|
| 100 | 1 |
_aBautista Javier, José Dionisio, _d1934-. _eautor _4aut. _923687 |
|
| 245 | 1 | 0 |
_aCantos a Xuanitel, flor de luna, diosa del viento y de las brumas / _cJosé Dionisio Bautista Javier. |
| 250 | _aPrimera edición | ||
| 264 | 4 |
_aSanto Domingo, República Dominicana : _bCocolo editorial, _c©2004. |
|
| 300 |
_a97 páginas ; _c22 cm. |
||
| 336 |
_atexto _btxt _2rdacontent |
||
| 337 |
_asin mediación _bn _2rdamedia |
||
| 338 |
_avolumen _bnc _2rdacarrier |
||
| 500 | _aIncluye datos biográficos del autor en las solapas | ||
| 590 | _aInventariado, 2018/VM | ||
| 650 | 0 |
_aPoesía dominicana _966 |
|
| 650 | 0 |
_aLiteratura dominicana. _967 |
|
| 910 | _aValidado. Control de calidad MFF | ||
| 942 |
_2ddc _cLBS1 |
||
| 999 |
_c8807 _d8807 |
||